000
00299nam a2200133Ia 4500
100
_a
Varshney/R.L/ Maheshwari/K.li
650
_a
Economics
942
_c
BK
654
_a
Economics
245
_a
Mangerial Economics
260
_b
Sultan Chand
_a
New Delhi
_c
1985
300
_a
618
546
_a
ENGLISH
999
_c
22289
_d
22289